<?xml version="1.0" encoding="UTF-8"?>
<record
    xmlns:xsi="http://www.w3.org/2001/XMLSchema-instance"
    xsi:schemaLocation="http://www.loc.gov/MARC21/slim http://www.loc.gov/standards/marcxml/schema/MARC21slim.xsd"
    xmlns="http://www.loc.gov/MARC21/slim">

  <leader>02062nam a2200313Ia 4500</leader>
  <datafield tag="999" ind1=" " ind2=" ">
    <subfield code="c">56517</subfield>
    <subfield code="d">56517</subfield>
  </datafield>
  <controlfield tag="001">23631</controlfield>
  <controlfield tag="003">GE_BSU</controlfield>
  <controlfield tag="005">20260302162925.0</controlfield>
  <controlfield tag="008">181216s2004||||ge |||||||||||||| ||geo||</controlfield>
  <datafield tag="020" ind1=" " ind2=" ">
    <subfield code="a">99940-12-08-8  (99940-12-49-5)</subfield>
  </datafield>
  <datafield tag="040" ind1=" " ind2=" ">
    <subfield code="c">GE_BSU</subfield>
  </datafield>
  <datafield tag="041" ind1=" " ind2=" ">
    <subfield code="a">geo</subfield>
  </datafield>
  <datafield tag="080" ind1=" " ind2=" ">
    <subfield code="a">94(100)"04/14"(075.8) &#x10E8;-93</subfield>
  </datafield>
  <datafield tag="245" ind1=" " ind2=" ">
    <subfield code="a">&#x10E8;&#x10E3;&#x10D0; &#x10E1;&#x10D0;&#x10E3;&#x10D9;&#x10E3;&#x10DC;&#x10D4;&#x10D4;&#x10D1;&#x10D8;&#x10E1; &#x10D8;&#x10E1;&#x10E2;&#x10DD;&#x10E0;&#x10D8;&#x10D0;. &#x10E2;. 1 :</subfield>
    <subfield code="b">&#x10E1;&#x10D0;&#x10EE;&#x10D4;&#x10DA;&#x10DB;&#x10EB;&#x10E6;&#x10D5;&#x10D0;&#x10DC;&#x10D4;&#x10DA;&#x10DD; /</subfield>
    <subfield code="c">&#x10D0;.&#x10D3;. &#x10E3;&#x10D3;&#x10D0;&#x10DA;&#x10EA;&#x10DD;&#x10D5;&#x10D8;&#x10E1;, &#x10D4;.&#x10D0;. &#x10D9;&#x10DD;&#x10E1;&#x10DB;&#x10D8;&#x10DC;&#x10E1;&#x10D9;&#x10D8;&#x10E1; &#x10D3;&#x10D0; &#x10DD;.&#x10DA;. &#x10D5;&#x10D0;&#x10D8;&#x10DC;&#x10E8;&#x10E2;&#x10D4;&#x10D8;&#x10DC;&#x10D8;&#x10E1; &#x10E0;&#x10D4;&#x10D3;. ; &#x10E1;&#x10E1;&#x10E0;&#x10D9; &#x10DB;&#x10D4;&#x10EA;&#x10DC;. &#x10D0;&#x10D9;&#x10D0;&#x10D3;., &#x10D8;&#x10E1;&#x10E2;&#x10DD;&#x10E0;&#x10D8;&#x10D8;&#x10E1; &#x10D8;&#x10DC;-&#x10E2;&#x10D8;.</subfield>
  </datafield>
  <datafield tag="250" ind1=" " ind2=" ">
    <subfield code="a">&#x10D7;&#x10D0;&#x10E0;&#x10D2;&#x10DB;. &#x10DB;&#x10D4;-2 &#x10E0;&#x10E3;&#x10E1;. &#x10D2;&#x10D0;&#x10DB;&#x10DD;&#x10EA;.</subfield>
  </datafield>
  <datafield tag="264" ind1=" " ind2=" ">
    <subfield code="a">&#x10D7;&#x10D1;&#x10D8;&#x10DA;&#x10D8;&#x10E1;&#x10D8; :</subfield>
    <subfield code="b">&#x10D7;&#x10D1;&#x10D8;&#x10DA;. &#x10E3;&#x10DC;-&#x10E2;&#x10D8;&#x10E1; &#x10D2;&#x10D0;&#x10DB;-&#x10D1;&#x10D0;,</subfield>
    <subfield code="c">2004.</subfield>
  </datafield>
  <datafield tag="300" ind1=" " ind2=" ">
    <subfield code="a">509 &#x10D2;&#x10D5;. ;</subfield>
    <subfield code="c">20 &#x10E1;&#x10DB;.</subfield>
    <subfield code="e">&#x10E0;&#x10E3;&#x10D9;&#x10D4;&#x10D1;&#x10D8;&#x10E1; &#x10E1;&#x10D8;&#x10D0;, &#x10D2;&#x10D5;. 587</subfield>
  </datafield>
  <datafield tag="500" ind1=" " ind2=" ">
    <subfield code="a">&#x10D3;&#x10D0;&#x10DC;&#x10D0;&#x10E0;&#x10D7;&#x10D8;: &#x10E5;&#x10E0;&#x10DD;&#x10DC;&#x10DD;&#x10DA;&#x10DD;&#x10D2;&#x10D8;&#x10E3;&#x10E0;&#x10D8; &#x10E1;&#x10D8;&#x10D0;, &#x10D2;&#x10D5;. 575-84.
&#x10E0;&#x10E3;&#x10D9;&#x10D4;&#x10D1;&#x10D8;&#x10E1; &#x10E1;&#x10D8;&#x10D0;, &#x10D2;&#x10D5;. 587</subfield>
  </datafield>
  <datafield tag="504" ind1=" " ind2=" ">
    <subfield code="a">&#x10D1;&#x10D8;&#x10D1;&#x10DA;&#x10D8;&#x10DD;&#x10D2;&#x10E0;&#x10D0;&#x10E4;&#x10D8;&#x10D0;: &#x10DA;&#x10D8;&#x10E2;-&#x10E0;&#x10D0; &#x10E7;&#x10DD;&#x10D5;&#x10D4;&#x10DA;&#x10D8; &#x10D7;&#x10D0;&#x10D5;&#x10D8;&#x10E1; &#x10D1;&#x10DD;&#x10DA;&#x10DD;&#x10E1;
</subfield>
  </datafield>
  <datafield tag="541" ind1=" " ind2=" ">
    <subfield code="h">12 &#x10DA;.</subfield>
  </datafield>
  <datafield tag="653" ind1=" " ind2=" ">
    <subfield code="a">&#x10E8;&#x10E3;&#x10D0; &#x10E1;&#x10D0;&#x10E3;&#x10D9;&#x10E3;&#x10DC;&#x10D4;&#x10D4;&#x10D1;&#x10D8;&#x10E1; &#x10D8;&#x10E1;&#x10E2;&#x10DD;&#x10E0;&#x10D8;&#x10D0;. &#x10E2;. 1</subfield>
  </datafield>
  <datafield tag="653" ind1=" " ind2=" ">
    <subfield code="a">&#x10E8;&#x10E3;&#x10D0; &#x10E1;&#x10D0;&#x10E3;&#x10D9;&#x10E3;&#x10DC;&#x10D4;&#x10D4;&#x10D1;&#x10D8;&#x10E1; &#x10D8;&#x10E1;&#x10E2;&#x10DD;&#x10E0;&#x10D8;&#x10D8;&#x10E1; &#x10E1;&#x10D0;&#x10EE;&#x10D4;&#x10DA;&#x10DB;&#x10EB;&#x10E6;&#x10D5;&#x10D0;&#x10DC;&#x10D4;&#x10DA;&#x10DD;&#x10D4;&#x10D1;&#x10D8; &#x10E3;&#x10DB;&#x10D0;&#x10E6;&#x10DA;&#x10D4;&#x10E1;&#x10D8; &#x10E1;&#x10D0;&#x10E1;&#x10EC;&#x10D0;&#x10D5;&#x10DA;&#x10D4;&#x10D1;&#x10DA;&#x10D4;&#x10D1;&#x10D8;&#x10E1;&#x10D0;&#x10D7;&#x10D5;&#x10D8;&#x10E1;</subfield>
  </datafield>
  <datafield tag="653" ind1=" " ind2=" ">
    <subfield code="a">&#x10D7;&#x10D0;&#x10E0;&#x10D2;&#x10DB;&#x10D0;&#x10DC;&#x10D4;&#x10D1;&#x10D8; &#x10E5;&#x10D0;&#x10E0;&#x10D7;&#x10E3;&#x10DA; &#x10D4;&#x10DC;&#x10D0;&#x10D6;&#x10D4;</subfield>
  </datafield>
  <datafield tag="700" ind1=" " ind2=" ">
    <subfield code="a">&#x10E3;&#x10D3;&#x10D0;&#x10DA;&#x10EA;&#x10DD;&#x10D5;&#x10D8;, &#x10D0;.&#x10D3;.</subfield>
    <subfield code="e">&#x10E0;&#x10D4;&#x10D3;&#x10D0;&#x10E5;&#x10E2;&#x10DD;&#x10E0;&#x10D8;</subfield>
    <subfield code="9">27031</subfield>
  </datafield>
  <datafield tag="700" ind1=" " ind2=" ">
    <subfield code="a">&#x10D9;&#x10DD;&#x10E1;&#x10DB;&#x10D8;&#x10DC;&#x10E1;&#x10D9;&#x10D8;, &#x10D4;.&#x10D0;.</subfield>
    <subfield code="e"> &#x10E0;&#x10D4;&#x10D3;&#x10D0;&#x10E5;&#x10E2;&#x10DD;&#x10E0;&#x10D8;</subfield>
    <subfield code="9">27032</subfield>
  </datafield>
  <datafield tag="700" ind1=" " ind2=" ">
    <subfield code="a">&#x10D5;&#x10D0;&#x10D8;&#x10DC;&#x10E8;&#x10E2;&#x10D4;&#x10D8;&#x10DC;&#x10D8;, &#x10DD;.&#x10DA;.</subfield>
    <subfield code="e">&#x10E0;&#x10D4;&#x10D3;&#x10D0;&#x10E5;&#x10E2;&#x10DD;&#x10E0;&#x10D8;</subfield>
    <subfield code="9">27033</subfield>
  </datafield>
  <datafield tag="710" ind1=" " ind2=" ">
    <subfield code="a">&#x10E1;&#x10E1;&#x10E0;&#x10D9; &#x10DB;&#x10D4;&#x10EA;&#x10DC;&#x10D8;&#x10D4;&#x10E0;&#x10D4;&#x10D1;&#x10D0;&#x10D7;&#x10D0; &#x10D0;&#x10D9;&#x10D0;&#x10D3;&#x10D4;&#x10DB;&#x10D8;&#x10D0;</subfield>
    <subfield code="b">&#x10D8;&#x10E1;&#x10E2;&#x10DD;&#x10E0;&#x10D8;&#x10D8;&#x10E1; &#x10D8;&#x10DC;&#x10E1;&#x10E2;&#x10D8;&#x10E2;&#x10E3;&#x10E2;&#x10D8;</subfield>
    <subfield code="9">27034</subfield>
  </datafield>
  <datafield tag="942" ind1=" " ind2=" ">
    <subfield code="c">BK</subfield>
    <subfield code="2">udc</subfield>
  </datafield>
  <datafield tag="952" ind1=" " ind2=" ">
    <subfield code="0">0</subfield>
    <subfield code="1">0</subfield>
    <subfield code="2">udc</subfield>
    <subfield code="4">0</subfield>
    <subfield code="6">94100_&#x10E8;93</subfield>
    <subfield code="7">0</subfield>
    <subfield code="9">82391</subfield>
    <subfield code="a">CPL</subfield>
    <subfield code="b">CPL</subfield>
    <subfield code="c">GEN</subfield>
    <subfield code="d">2018-12-17</subfield>
    <subfield code="g">12.00</subfield>
    <subfield code="o">94(100) &#x10E8;-93</subfield>
    <subfield code="p">28472</subfield>
    <subfield code="r">2018-12-17</subfield>
    <subfield code="t">28472</subfield>
    <subfield code="w">2018-12-17</subfield>
    <subfield code="y">BK</subfield>
    <subfield code="z">12.00 &#x20BE;.</subfield>
  </datafield>
</record>
